| 000 | 00388nam a2200145Ia 4500 | ||
|---|---|---|---|
| 005 | 20250729165743.0 | ||
| 008 | 250729s2012 xx 000 0 und d | ||
| 041 | _akan | ||
| 082 | _a494.50 SANK | ||
| 100 |
_aSangamesha Savadatthi Mata _9232175 |
||
| 245 | _aKannada Bhasha vyasanga | ||
| 260 |
_aDharawada _bRoopa Rashmi Prakashana _c2012 |
||
| 300 | _a222p | ||
| 650 |
_aKannada _9232176 |
||
| 999 |
_c239651 _d239651 |
||